000 00197 a2200097 4500
020 _a9780836881165
041 _aspa
100 _aNations, Susan
245 _aQue tiempo hace? Hace Sol
942 _cBK
999 _c10071
_d10071